000 00267cam a22000977a 4500
008 180718b1961 xxu||||| |||| 00| 0 eng d
082 _aJ703x5453 K45 1961 C.2
245 _aGuruvayur township act,1961
260 _aTrivandrum
_bThe Government Press
_c1961
300 _a4p.
999 _c416278
_d416278